000 00751nam a22001935i 4500
001 166841
003 ES-MaACL
005 20260201182831.0
008 050920s1886 fr a | |||||||| ||fre d
040 _aCAM
_bspa
_cCAM
100 1 _aVadier, Berthe.
_9133484
245 1 0 _aHenri-Frédéric Amiel
_b: etude biographique /
_cpar Berthe Vadier.
260 _aParis :
_bLibrairie Fischbacher,
_c1886 (
_eGenève :
_fImprimerie Charles Schuchardt)
300 _a288 p., [1] h. de lám. ;
_c19 cm.
599 _aLa h. de lám. retrato del biografiado: "Héliog. & Imp. Lemercier & Cie"
600 1 7 _aAmiel, Henri Frédéric-
_xBiografías
_2
_9125656
852 _aES-MaACL
_jD-1366
_z-- Enc. hol. conservando la cub. original
999 _c166841
_d166841